000 00888nam a2200265 a 4500
001 31970
003 BD-RjUL
005 20211209051756.0
008 140423s1913 enka 001 0 eng
035 _a(BD-RjUL)32059
040 _aDLC
_cOCU
_dBD-RjUL
_beng
041 _aeng
082 0 4 _223
_a294.513
_bMAI 1913
100 1 _aMackenzie, Donald A.
_q(Donald Alexander),
_d1873-1936.
_997339
245 1 0 _aIndian myth and legend /
_cDonald A. Mackenzie ; With illustrations in colour by Warwick Goble and numerous monochrome plates
260 _aLondon :
_bGresham,
_c[1913]
300 _axlviii, 463 p. :
_bill. ;
_c22cm.
504 _aIncludes index.
650 0 _aHindu mythology.
_997341
650 0 _aLegends
_zIndia.
_924884
700 _aGoble, Warwick, illustrator
_9223018
942 _2ddc
_cBK
999 _c31970
_d31970